Statistics for Teams That Have Played in All Top Five Tiers of English Football

Click here to take the quiz!

General Stats

  • This quiz has been taken 349 times
    (305 since last reset)
  • The average score is 3 of 7

Answer Stats

Clubs% Correct
Luton Town
75%
Oldham Athletic
68%
Notts County
59%
Oxford United
47%
Grimsby Town
28%
Carlisle United
25%
Leyton Orient
22%

Score Distribution

Percentile by Number Answered

Percent of People with Each Score

Your Score History

You have not taken this quiz since the last reset